MARC

Tag First Indicator Second Indicator Subfields
LEADER 00000cam a22000004a 4500
001 in00004499366
005 20210818135345.0
008 040409s2004 dcua b 000 0 eng
010 |a  2004008359 
016 7 |a 101213155  |2 DNLM 
020 |a 0309091284 (pbk.) 
020 |a 0309529506 (pdf) 
035 |a (OCoLC)ocm54966697 
035 |z (UtOrBLW)37161 
035 |a 53994 
040 |a DNLM/DLC  |c DLC  |d YDX  |d NLM  |d VAM  |d OCLCQ  |d UtOrBLW 
042 |a pcc 
043 |a n-us--- 
049 |a TMVM  |c 1 
050 0 0 |a RC564  |b .N488 2004 
060 0 0 |a 2004 H-678 
060 1 0 |a WM 270  |b N5327 2004 
060 4 |a WM 270  |b N532 2004 
082 0 0 |a 616.86/061  |2 22 
245 0 0 |a New treatments for addiction :  |b behavioral, ethical, legal, and social questions /  |c Committee on Immunotherapies and Sustained-Release Formulations for Treating Drug Addiction ; Henrick J. Harwood and Tracy G. Myers, editors. 
264 1 |a Washington, D.C. :  |b National Academies Press,  |c [2004] 
264 4 |c ©2004 
300 |a xiv, 306 pages :  |b illustrations ;  |c 23 cm. 
336 |a text  |2 rdacontent  |b txt 
337 |a unmediated  |2 rdamedia 
338 |a volume  |2 rdacarrier  |b nc 
500 |a "Board on Behavioral, Cognitive, and Sensory Sciences, Division of Behavioral and Social Sciences and Education, National Research Council, Board on Health Promotion and Disease Prevention, Board on Neuroscience and Behavioral Health." 
504 |a Includes bibliographical references. 
505 0 |a Introduction and background -- Clinical trials -- Treatment, financing, and costs -- Behavioral responses and consent 
530 |a Also available online. 
650 2 |a Substance-Related Disorders  |x therapy. 
650 2 |a Delayed-Action Preparations  |x therapeutic use. 
650 2 |a Immunotherapy  |x ethics. 
650 2 |a Immunotherapy  |x legislation & jurisprudence. 
650 2 |a Substance-Related Disorders  |x psychology. 
651 2 |a United States. 
700 1 |a Harwood, Henrick J. 
700 1 |a Myers, Tracy G. 
710 2 |a National Academies (U.S.).  |b Committee on Immunotherapies and Sustained-Release Formulations for Treating Drug Addiction. 
710 2 |a National Research Council (U.S.).  |b Board on Behavioral, Cognitive, and Sensory Sciences. 
710 2 |a Institute of Medicine (U.S.).  |b Board on Health Promotion and Disease Prevention. 
710 2 |a Institute of Medicine (U.S.).  |b Board on Neuroscience and Behavioral Health. 
856 4 0 |u http://www.nap.edu/books/0309091284/html  |z New treatments for addiction (Online)  |t 0 
948 |a PO 8601 
999 |a MARS 
999 f f |s 8c950001-2f54-358e-bd72-182362c72ddc  |i 86782ec1-43b7-3edf-931e-5d8ac7336d87  |t 0 
952 f f |p ric  |a Texas A&M University  |b Rellis Campus  |c Joint Library Facility  |d Remote Storage  |t 0  |e WM 270 N532 2004  |h National Library of Medicine classification  |i unmediated -- volume  |m 3238901872549 
998 f f |a WM 270 N532 2004  |t 0  |l Remote Storage